| 000 | 00609nam a2200181Ia 4500 | ||
|---|---|---|---|
| 008 | 100920s9999 xx 000 0 und d | ||
| 082 |
_b104326 _a891.43 न 07 |
||
| 100 | _aमिश्र संजीव. | ||
| 245 | _aमिले बस इतना ही. | ||
| 260 |
_bसुर्य प्रकाशन मंदिर , बीकानेर. _c2007 |
||
| 300 |
_a96 _bसाधी |
||
| 365 | _b125 | ||
| 520 | _aहिंदी. | ||
| 630 | _aमिले बस इतना ही. | ||
| 650 | _aहिंदी. | ||
| 730 | _aमिले बस इतना ही. | ||
| 942 | _cBOOK | ||
| 999 |
_c744758 _d744755 |
||